000 01074nac a22001811u 4500
008 101108s2005 xxu||||| |||| 00| 0 ara d
020 _a9990109567
082 _a382.095365
_bم ن ا
100 1 _aالمناعي ، على عبد الله
_921050
245 _aالتكتلات الاقتصادية ودورها في تطور التجارة البينية :
_bتقييم تجارة مملكة البحرين البينية مع دول مجلس التعاون الخليجي /
_cعلى عبد الله المناعي
260 _aالمنامة :
_bمركز البحرين للدراسات والبحوث ،2005
_c2005.
300 _a188ص :
_bايض ؛
_c24 سم.
504 _aيشتمل على إرجاعات ببليوجرافية ص 181-188
511 _a Catalogued by: Sara
651 _921546
_aالبحرين
_xالتجارة الخارجية
942 _cBB
_k382.095365م ن ا
_2ddc
999 _c5770
_d5770